00671cam a2200169 a 450000100100000000500170001000800410002704000250006808200170009310000510011024500880016126000470024930000280029660000420032495201200036699900150048600000762320240313182403.0811117s1942 gw a 000 0 eng  aDO-SdBNPbspacBNPHU a923.9bC719G1 aGoldschmit Jentner, Rudolf Karl,d1890-92115210aChristoph Columbus, der mann, die tat, die wirkung /cRudolf K. Goldschmit Jentner. aHamburg :bChristian Wegner Verlag,c1942. a361 p. :bil. ;c21 cm. 0aCOLÓN, CRISTOBAL,d1436-1456919795 001052708MOaGRbGRcCTd2009-09-09iLF1l0o923.9 C719Gp7623-10r2020-06-25w2020-06-25y2ZPréstamo interno c7403d7403